000 00647nam a2200121Ia 4500
008 220616s9999||||xx |||||||||||||| ||und||
100 _aMarody, Miroslawa||Giza-Poleszczuk, Anna
245 0 _aTransformations of Social Bonds
_bThe Outline of the Theory of Social Change
546 _aEnglish[eng]
650 _aBonds||Change||Marody||Modern and Postmodern Society||Naukowe||Outline||Przemiany||Scholar||Social||Social History||Social Psychology||Social Transformations||Sociology||społecznych||Theory||Transformations||więzi||Wydawnictwo
856 _uhttps://library.oapen.org/bitstream/20.500.12657/45754/1/9783653068504.pdf
942 _cEB
999 _c20856
_d20856